00595nam a2200157Ia 4500008004100000100001900041245009700060245003800157260005300195260001300248300000800261650001500269856006100284999001900345952007300364170221s9999 xx 000 0 und d aHassan Alaaraj aDoes Good Governance Mediate Relationship Between E-Government and Public Trust in Lebanon?  cHassan Alaaraj, Sallahudin Hassan bInternational Review of Management and Marketing cMay 2015 a4:2 xMarketing. uhttp://www.econjournals.com/index.php/irmm/issue/view/82 c310098d310098 001040aCLbCLd2017-02-21l0r2017-02-21 00:00:00w2017-02-21yFOJ